000 00777cam a2200289 i 4500
001 130637
003 OSt
005 20180116183027.0
008 781001s1978 nyu 000 1 eng
010 _a 77011723
020 _a0440029481
035 _a(OCoLC)3240718
035 _a(OCoLC)ocm03240718
035 _a(NNC)130637
040 _c0
050 0 _aPZ4.O1362
_bGo
_aPS3565.B75;
082 _a813.54 OBR 1975
090 _bPS3565.B75/G6
100 1 _aO'Brien, Tim.
245 1 0 _aGoing after Cacciato :
_ba novel /
_cby Tim O'Brien.
260 _aNew York :
_bDelacorte Press/S. Lawrence,
_cc1978.
300 _a395 p. ;
_c24 cm.
_bPB
440 _aGoing after Cacciato
650 0 _aVietnam War, 1961-1975
_vFiction.
942 _2ddc
_cBK
999 _c350842
_d350842